000 00926nam0a2200289 4500
001 RU\NLR\bibl\519347
005 20260406071602.0
035 _a(NLR Aleph) 000511758
090 _a1237697
_c1237697
100 _a20040513d2003 |||y0rusy50 ca
101 0 _arus
102 _aRU
105 _ay |||||||||
200 1 _aПостскриптум
_e[Соврем. рус. проза - сб. очерков и рассказов]
_fВалентин Богомаз
210 _aСПб.
_cБ.и.
_d2003
215 _a356 с.
_d20
300 _aИзд. на средства авт.
686 _aШ6(2=Р)75-46
686 _aШ6(2=Р)75-440.5
700 1 _4070
_8rus
_7ca
_aБогомаз
_bВ.
_f1937-
_gВалентин
_3RU\NLR\auth\7716633
_9126269
801 0 _aRU
_bNLR
_c20040513
_gPSBO
801 1 _aRU
_bNLR
_c20040513
942 _cBOOK
980 _aNB